| 000 | 00615nam a2200205 a 4500 | ||
|---|---|---|---|
| 005 | 20230419063623.0 | ||
| 008 | 100115s2006 mx r 000 0 spa d | ||
| 020 | _a9508922753 (10 dígitos) | ||
| 020 | _a9789508922755 (13 dígitos) | ||
| 035 | _aUPN01000174290 | ||
| 049 | _aCG | ||
| 050 | 4 |
_aRC569.5 G3.5 _bB5.2 |
|
| 100 | 1 | _aBlanca, Débora | |
| 245 | 1 | 3 |
_aLa adicción al juego : _b¿no va más--? / _cDébora Blanca, Luz Mariela Coletti. |
| 260 |
_aBuenos Aires : _bLugar, _c2006. |
||
| 300 | _a125 p. | ||
| 650 | 2 |
_aAdicción al juego _9411 |
|
| 700 | 1 |
_aColetti, Luz Mariela, _ecoaut. |
|
| 905 | _aLibro | ||
| 999 |
_c146394 _d146394 |
||